000
00228nam a22001097a 4500
999
_c
533678
_d
533678
040
_c
dlc
082
_a
821
100
_a
John Milton
_9
27641
245
_a
The English Poems of John Milton
300
_a
601;p
942
_2
ddc
_c
BK